[Event "Chessable Masters Play In"]
[Site "Chess.com INT"]
[Date "2024.01.31"]
[Round "8"]
[White "Olafsson, Helgi"]
[Black "Gharibyan, Mamikon"]
[Result "0-1"]
[WhiteElo "2471"]
[BlackElo "2504"]
[PlyCount "26"]
[EventDate "2024.01.31"]
[EventType "swiss (rapid)"]
[EventRounds "9"]
[EventCountry "USA"]
[SourceTitle "CB06_2024"]
[SourceDate "2024.02.07"]
[SourceVersion "1"]
[SourceVersionDate "2024.02.07"]
[SourceQuality "1"]

1. Nf3 d5 2. d4 Nf6 3. c4 e6 4. Nc3 Bb4 5. Qa4+ Nc6 6. e3 0-0 7. Bd2 Re8 8. Qc2 Bf8 9. a3 e5 10. cxd5 Nxd4 11. exd4 exd4+ 12. Ne2 Qxd5 13. 0-0-0 d3 0-1

[Event "WchT Seniors 50"]
[Site "Struga"]
[Date "2023.09.19"]
[Round "1.1"]
[White "Marcus, Hakan"]
[Black "Olafsson, Helgi"]
[Result "0-1"]
[WhiteElo "2021"]
[BlackElo "2491"]
[PlyCount "112"]
[EventDate "2023.09.19"]
[EventType "team-swiss"]
[EventRounds "9"]
[EventCountry "MKD"]
[SourceTitle "EXT 2024"]
[Source "ChessBase"]
[SourceDate "2023.10.10"]
[SourceVersion "1"]
[SourceVersionDate "2023.10.10"]
[SourceQuality "1"]
[WhiteTeam "Sweden 50"]
[BlackTeam "Iceland 50"]
[WhiteTeamCountry "SWE"]
[BlackTeamCountry "ISL"]

1. d4 Nf6 2. Nf3 d5 3. Bf4 e6 4. e3 Bd6 5. Bd3 c5 6. Bxd6 Qxd6 7. c3 0-0 8. Nbd2 Nc6 9. 0-0 e5 10. dxe5 Nxe5 11. Nxe5 Qxe5 12. h3 Bf5 13. Qc2 Bxd3 14. Qxd3 Rad8 15. Rfd1 Rd7 16. a4 Rc8 17. a5 h6 18. Ra4 Qe6 19. Nf3 Rcd8 20. Qb5 Qe7 21. Qd3 Ne4 22. Qc2 Qe6 23. Re1 Re8 24. Rd1 Qc6 25. Nd2 Nf6 26. Nf3 Ne4 27. Nd2 f5 28. Nf1 c4 29. Raa1 Qf6 30. Rd4 Nc5 31. Rad1 Red8 32. Nd2 Ne6 33. Nf3 Nxd4 34. Rxd4 Re8 35. b3 cxb3 36. Qxb3 Qf7 37. Qb5 Re4 38. Rd3 a6 39. Qb3 f4 40. exf4 Qxf4 41. g3 Qf5 42. Kg2 Rh4 43. Nxh4 Qxd3 44. Qb6 Kh7 45. g4 Qe4+ 46. Kg3 d4 47. cxd4 Rxd4 48. Nf5 Qe5+ 49. Kg2 Rd1 50. Qb4 Qd5+ 51. Kg3 Rg1+ 52. Kf4 g5+ 53. Ke3 Qe6+ 54. Kf3 Qc6+ 55. Ke3 Qc1+ 56. Ke2 Qd1+ 0-1

[Event "Titled Tuesday intern op 17th Jan Late"]
[Site "Chess.com INT"]
[Date "2023.01.17"]
[Round "11"]
[White "Hajiyev, Kanan"]
[Black "Olafsson, Helgi"]
[Result "1-0"]
[WhiteElo "2153"]
[BlackElo "2491"]
[PlyCount "49"]
[EventDate "2023.01.17"]
[EventType "swiss (blitz)"]
[EventRounds "11"]
[EventCountry "USA"]
[SourceTitle "CBM 212 Extra"]
[Source "ChessBase"]
[SourceDate "2023.03.31"]
[SourceVersion "1"]
[SourceVersionDate "2023.03.31"]
[SourceQuality "1"]

1. d4 Nf6 2. Nf3 g6 3. c4 Bg7 4. g3 c5 5. Bg2 cxd4 6. Nxd4 Qc7 7. b3 a6 8. Bb2 0-0 9. 0-0 Nc6 10. Nc3 d6 11. Rc1 Nxd4 12. Qxd4 Rb8 13. Rfd1 Qa5 14. a3 Qh5 15. Nd5 Re8 16. Bf3 Qh3 17. Nxe7+ Rxe7 18. Qxd6 Re8 19. Bxf6 Be6 20. Bxg7 Kxg7 21. b4 h5 22. c5 h4 23. Qd4+ Kg8 24. Qxh4 Qxh4 25. gxh4 1-0

[Event "Titled Tuesday intern op 17th Jan Late"]
[Site "Chess.com INT"]
[Date "2023.01.17"]
[Round "2"]
[White "Olafsson, Helgi"]
[Black "Kaganskiy, Gleb"]
[Result "0-1"]
[WhiteElo "2491"]
[BlackElo "2173"]
[PlyCount "44"]
[EventDate "2023.01.17"]
[EventType "swiss (blitz)"]
[EventRounds "11"]
[EventCountry "USA"]
[SourceTitle "CBM 212 Extra"]
[Source "ChessBase"]
[SourceDate "2023.03.31"]
[SourceVersion "1"]
[SourceVersionDate "2023.03.31"]
[SourceQuality "1"]

1. d4 Nf6 2. Nf3 d5 3. c4 e6 4. Nc3 c5 5. cxd5 cxd4 6. Qxd4 exd5 7. Bg5 Be7 8. e3 0-0 9. Be2 Nc6 10. Qa4 Be6 11. 0-0 Qb6 12. Nb5 a6 13. Nbd4 Nxd4 14. Nxd4 Qxb2 15. Rab1 Qa3 16. Qxa3 Bxa3 17. Bxf6 gxf6 18. Rxb7 Rfb8 19. Rfb1 Rxb7 20. Rxb7 Rc8 21. h3 Bd6 22. Bg4 Rc1+ 0-1

[Event "Titled Tuesday intern op 17th Jan Late"]
[Site "Chess.com INT"]
[Date "2023.01.17"]
[Round "6"]
[White "Olafsson, Helgi"]
[Black "Sivakumar, Shaaketh"]
[Result "0-1"]
[WhiteElo "2491"]
[BlackElo "2338"]
[PlyCount "114"]
[EventDate "2023.01.17"]
[EventType "swiss (blitz)"]
[EventRounds "11"]
[EventCountry "USA"]
[SourceTitle "CBM 212 Extra"]
[Source "ChessBase"]
[SourceDate "2023.03.31"]
[SourceVersion "1"]
[SourceVersionDate "2023.03.31"]
[SourceQuality "1"]

1. Nf3 Nf6 2. c4 b6 3. d4 Bb7 4. a3 g6 5. Nc3 Ne4 6. Nxe4 Bxe4 7. Bf4 Bg7 8. Nd2 Bb7 9. e3 d6 10. Bg3 Nd7 11. f3 e5 12. d5 0-0 13. Be2 f5 14. 0-0 h5 15. Bf2 g5 16. e4 f4 17. b4 Nf6 18. c5 Bc8 19. Rc1 g4 20. Bh4 Qe8 21. cxd6 cxd6 22. Rc6 Qd7 23. Nc4 Ne8 24. g3 fxg3 25. hxg3 Bb7 26. b5 gxf3 27. Rxf3 Rxf3 28. Bxf3 Bxc6 29. dxc6 Qe6 30. Ne3 Nc7 31. Be2 Kh8 32. Bc4 Qg6 33. Nf5 d5 34. Ne7 Qxe4 35. Qxh5+ Qh7 36. Ng6+ Kg8 37. Ne7+ Kh8 38. Qxh7+ Kxh7 39. Nxd5 Nxd5 40. Bxd5 Bf8 41. Be6 Bd6 42. Kf2 a6 43. a4 axb5 44. axb5 Ra5 45. Bd8 Rxb5 46. c7 Bxc7 47. Bxc7 Kh6 48. g4 Kg5 49. Bd8+ Kf4 50. g5 Rb2+ 51. Kf1 Kf3 52. Ke1 Ke3 53. Kf1 Kf3 54. Kg1 e4 55. g6 Rg2+ 56. Kf1 Rxg6 57. Bc4 e3 0-1

[Event "Titled Tuesday intern op 17th Jan Late"]
[Site "Chess.com INT"]
[Date "2023.01.17"]
[Round "9"]
[White "Sreyas, Payyappat"]
[Black "Olafsson, Helgi"]
[Result "1-0"]
[WhiteElo "2101"]
[BlackElo "2491"]
[PlyCount "53"]
[EventDate "2023.01.17"]
[EventType "swiss (blitz)"]
[EventRounds "11"]
[EventCountry "USA"]
[SourceTitle "CBM 212 Extra"]
[Source "ChessBase"]
[SourceDate "2023.03.31"]
[SourceVersion "1"]
[SourceVersionDate "2023.03.31"]
[SourceQuality "1"]

1. e4 c5 2. Nf3 e6 3. d4 cxd4 4. Nxd4 a6 5. Nc3 b5 6. Be3 Bb7 7. Bd3 d6 8. 0-0 Nf6 9. f3 Be7 10. Qd2 Nbd7 11. Nce2 Rc8 12. c3 Ne5 13. Ng3 0-0 14. Rae1 d5 15. Bf4 Nxd3 16. Qxd3 dxe4 17. fxe4 Qb6 18. Kh1 Rcd8 19. Qf3 Nd7 20. Be3 Ne5 21. Qh5 Nc4 22. Ndf5 Nxe3 23. Nxe7+ Kh8 24. Rf3 Nc4 25. b3 Qc7 26. Ngf5 h6 27. Nxh6 1-0

[Event "Titled Tuesday intern op 29th Nov Late"]
[Site "Chess.com INT"]
[Date "2022.11.29"]
[Round "5"]
[White "Kamsky, Gata"]
[Black "Olafsson, Helgi"]
[Result "1-0"]
[WhiteElo "2666"]
[BlackElo "2491"]
[PlyCount "101"]
[EventDate "2022.11.29"]
[EventType "swiss (blitz)"]
[EventRounds "11"]
[EventCountry "USA"]
[SourceTitle "EXT 2024"]
[Source "ChessBase"]
[SourceDate "2023.10.10"]
[SourceVersion "1"]
[SourceVersionDate "2023.10.10"]
[SourceQuality "1"]

1. d4 Nf6 2. Bf4 b6 3. e3 Bb7 4. Nf3 e6 5. Nbd2 Be7 6. h3 c5 7. a4 Nc6 8. Bh2 0-0 9. c3 d5 10. Bd3 Bd6 11. Ne5 Qc7 12. f4 Ne7 13. Qb1 a5 14. 0-0 Ba6 15. g4 Bxd3 16. Qxd3 Qb7 17. Qe2 Ne4 18. Nxe4 dxe4 19. Nc4 Qa6 20. Rf2 Bc7 21. f5 Bxh2+ 22. Kxh2 exf5 23. gxf5 f6 24. Rg1 Nd5 25. Nd6 Qxe2 26. Rxe2 cxd4 27. exd4 e3 28. c4 Rad8 29. Nb5 Ne7 30. Rf1 Nc6 31. d5 Ne5 32. b3 Rfe8 33. Kg3 Nd3 34. Rf3 Nc5 35. Rfxe3 Rxe3+ 36. Rxe3 Kf7 37. Nd4 Rd7 38. h4 g6 39. Kf4 Re7 40. Ne6 Nb7 41. h5 g5+ 42. Kg4 Nd6 43. h6 Nb7 44. Rf3 Nd6 45. Kg3 Ne4+ 46. Kg2 Nd6 47. Kf2 Ne4+ 48. Ke3 Nd6 49. Kd4 g4 50. Rf4 g3 51. Ke3 1-0

[Event "Titled Tuesday intern op 29th Nov Late"]
[Site "Chess.com INT"]
[Date "2022.11.29"]
[Round "3"]
[White "Olafsson, Helgi"]
[Black "Bas Mas, Jose Joaquin"]
[Result "1-0"]
[WhiteElo "2491"]
[BlackElo "2241"]
[PlyCount "75"]
[EventDate "2022.11.29"]
[EventType "swiss (blitz)"]
[EventRounds "11"]
[EventCountry "USA"]
[SourceTitle "EXT 2024"]
[Source "ChessBase"]
[SourceDate "2023.10.10"]
[SourceVersion "1"]
[SourceVersionDate "2023.10.10"]
[SourceQuality "1"]

1. Nf3 c5 2. c4 g6 3. Nc3 Bg7 4. g3 Nc6 5. Bg2 d6 6. 0-0 h5 7. h4 Nf6 8. d4 cxd4 9. Nxd4 Bd7 10. Bg5 Qc8 11. Rc1 Bh3 12. e3 Bxg2 13. Kxg2 Ne5 14. b3 0-0 15. Bxf6 Bxf6 16. Nd5 Kg7 17. e4 Nc6 18. Ne2 Qd7 19. Qd2 Rad8 20. Nef4 Be5 21. Nd3 f5 22. Rce1 fxe4 23. Rxe4 Qf5 24. Qe3 e6 25. Nc7 Rd7 26. Nb5 a6 27. Nxe5 dxe5 28. Nc3 Rfd8 29. Qe1 Rd3 30. Re3 Nb4 31. Rxd3 Rxd3 32. Ne4 Nc6 33. Qe2 Rd4 34. Ng5 e4 35. Re1 Ne5 36. Qb2 Nc6 37. Rxe4 Qc5 38. Nxe6+ 1-0

[Event "Titled Tuesday intern op 29th Nov Late"]
[Site "Chess.com INT"]
[Date "2022.11.29"]
[Round "6"]
[White "Olafsson, Helgi"]
[Black "Yeritsyan, Hayk"]
[Result "1/2-1/2"]
[WhiteElo "2491"]
[BlackElo "2250"]
[PlyCount "97"]
[EventDate "2022.11.29"]
[EventType "swiss (blitz)"]
[EventRounds "11"]
[EventCountry "USA"]
[SourceTitle "EXT 2024"]
[Source "ChessBase"]
[SourceDate "2023.10.10"]
[SourceVersion "1"]
[SourceVersionDate "2023.10.10"]
[SourceQuality "1"]

1. Nf3 d5 2. d4 Nf6 3. c4 c6 4. e3 e6 5. Nc3 Bd6 6. Qc2 Nbd7 7. Be2 Qe7 8. 0-0 dxc4 9. a4 0-0 10. Bxc4 e5 11. h3 Re8 12. Ng5 Rf8 13. Bb3 h6 14. Nge4 exd4 15. exd4 Nxe4 16. Nxe4 Nf6 17. Nc3 Bc7 18. Ne2 Be6 19. Bxe6 Qxe6 20. Ra3 Rfe8 21. Re3 Qd6 22. Rxe8+ Rxe8 23. Bf4 Rxe2 24. Bxd6 Rxc2 25. Bxc7 Rxb2 26. Re1 Nd5 27. Re8+ Kh7 28. Bb8 a6 29. Rd8 b5 30. axb5 axb5 31. Rc8 Rc2 32. Bd6 b4 33. Rb8 Rb2 34. Rc8 Rb1+ 35. Kh2 b3 36. Rxc6 b2 37. Ba3 Rc1 38. Rxc1 bxc1Q 39. Bxc1 Kg6 40. Kg3 Kf5 41. Kf3 h5 42. g4+ hxg4+ 43. hxg4+ Ke6 44. Bd2 g6 45. Ke4 Nc7 46. Ba5 Nd5 47. Bd2 Nc7 48. Ba5 Nd5 49. Bd2 1/2-1/2

[Event "Titled Tuesday intern op 29th Nov Late"]
[Site "Chess.com INT"]
[Date "2022.11.29"]
[Round "4"]
[White "Radovanovic, Dusan"]
[Black "Olafsson, Helgi"]
[Result "0-1"]
[WhiteElo "2311"]
[BlackElo "2491"]
[PlyCount "124"]
[EventDate "2022.11.29"]
[EventType "swiss (blitz)"]
[EventRounds "11"]
[EventCountry "USA"]
[SourceTitle "EXT 2024"]
[Source "ChessBase"]
[SourceDate "2023.10.10"]
[SourceVersion "1"]
[SourceVersionDate "2023.10.10"]
[SourceQuality "1"]

1. e4 c5 2. Nf3 e6 3. d4 cxd4 4. Nxd4 a6 5. c4 Nf6 6. Nc3 Bb4 7. Qd3 0-0 8. Be2 Nc6 9. Nxc6 dxc6 10. f3 e5 11. Be3 Be6 12. Qxd8 Rfxd8 13. 0-0 Nd7 14. Rfd1 b5 15. cxb5 axb5 16. a3 Bc5 17. Kf2 Kf8 18. Rd2 Bxe3+ 19. Kxe3 Ke7 20. Rad1 Rdb8 21. g3 Nc5 22. f4 f6 23. Rd6 Rc8 24. f5 Bb3 25. R1d2 Ra7 26. g4 Rd7 27. Rxd7+ Nxd7 28. h4 Nc5 29. g5 Bf7 30. Bd1 Rb8 31. b4 Nd7 32. Ne2 Nb6 33. Rd3 Ra8 34. Ng3 Nc4+ 35. Kf2 Rxa3 36. Rxa3 Nxa3 37. Ke3 Nc4+ 38. Kd3 Nd6 39. Kc3 Nc8 40. Bb3 Bxb3 41. Kxb3 Nb6 42. g6 h6 43. Nh5 Kf8 44. Kc3 Nd7 45. Kd3 c5 46. bxc5 Nxc5+ 47. Kc3 Nxe4+ 48. Kb4 Nd6 49. Ng3 Ke7 50. Kc5 Kd7 51. h5 Kc7 52. Kd5 b4 53. Ne2 Nxf5 54. Ke6 Nd4+ 55. Kf7 Nxe2 56. Kxg7 b3 57. Kh7 b2 58. g7 b1Q+ 59. Kxh6 Qg1 60. Kh7 Nf4 61. g8Q Qxg8+ 62. Kxg8 Nxh5 0-1

[Event "Titled Tuesday intern op 3rd Jan"]
[Site "Chess.com INT"]
[Date "2019.12.03"]
[Round "2"]
[White "Halak, Miklos"]
[Black "Olafsson, Helgi"]
[Result "1/2-1/2"]
[WhiteElo "2265"]
[BlackElo "2511"]
[PlyCount "98"]
[EventDate "2019.12.03"]
[EventType "swiss (blitz)"]
[EventRounds "10"]
[EventCountry "USA"]
[SourceTitle "EXT 2021"]
[Source "ChessBase"]
[SourceDate "2020.10.23"]
[SourceVersion "1"]
[SourceVersionDate "2020.10.23"]
[SourceQuality "1"]

1. e4 c6 2. d4 d5 3. Nd2 dxe4 4. Nxe4 Bf5 5. Ng3 Bg6 6. h4 h6 7. Nf3 Nf6 8. Ne5 Bh7 9. Bc4 e6 10. Nh5 Nbd7 11. Qe2 Nxe5 12. dxe5 Nxh5 13. Qxh5 Qd4 14. Bb3 Bb4+ 15. Kf1 0-0-0 16. Kg1 Qd1+ 17. Qxd1 Rxd1+ 18. Kh2 Rxh1+ 19. Kxh1 Rd8 20. Be3 Be7 21. g3 b6 22. Kg1 Be4 23. Kf1 g5 24. hxg5 hxg5 25. Ke1 Bf3 26. c3 Rh8 27. Kd2 c5 28. Bc4 Kc7 29. a4 Kc6 30. Kc2 g4 31. Re1 Rh5 32. Bc1 Rh2 33. Be3 Rh5 34. Bd2 Bf8 35. b4 Bg7 36. Bf4 Rh2 37. Rf1 Bg2 38. Re1 Bd5 39. Bb5+ Kc7 40. Re2 Rh1 41. bxc5 bxc5 42. c4 Bf3 43. Rd2 Bc6 44. Bxc6 Kxc6 45. Rd6+ Kc7 46. Ra6 Kb7 47. Rd6 Kc7 48. Ra6 Kb7 49. Rd6 Kc7 1/2-1/2

[Event "Titled Tuesday intern op 3rd Jan"]
[Site "Chess.com INT"]
[Date "2019.12.03"]
[Round "10"]
[White "Pasti, Aron"]
[Black "Olafsson, Helgi"]
[Result "0-1"]
[WhiteElo "2159"]
[BlackElo "2511"]
[PlyCount "86"]
[EventDate "2019.12.03"]
[EventType "swiss (blitz)"]
[EventRounds "10"]
[EventCountry "USA"]
[SourceTitle "EXT 2021"]
[Source "ChessBase"]
[SourceDate "2020.10.23"]
[SourceVersion "1"]
[SourceVersionDate "2020.10.23"]
[SourceQuality "1"]

1. e4 c6 2. Nf3 d5 3. Nc3 Bg4 4. h3 Bxf3 5. Qxf3 Nf6 6. d4 e6 7. Bd3 Bb4 8. 0-0 Bxc3 9. bxc3 dxe4 10. Bxe4 Nxe4 11. Qxe4 0-0 12. Bf4 Nd7 13. c4 Nb6 14. Qe2 Re8 15. Rad1 Qd7 16. Be3 Na4 17. Rd3 b5 18. Rb3 a6 19. c5 e5 20. Qd3 exd4 21. Bxd4 Rad8 22. Rd1 f6 23. Kh2 Qf7 24. Qf3 Rd5 25. Rdd3 Nxc5 26. Bxc5 Rxc5 27. Rbc3 Qc7+ 28. g3 Rxc3 29. Rxc3 Re6 30. Rc5 Qd6 31. Qc3 a5 32. Qb3 a4 33. Qc3 h6 34. a3 Kh8 35. Kg1 Qd1+ 36. Kg2 Re1 37. Rxc6 Qd5+ 38. Qf3 Rg1+ 39. Kxg1 Qxf3 40. Rc8+ Kh7 41. Rc5 Qxa3 42. Rxb5 Qc1+ 43. Kg2 Qxc2 0-1

[Event "WchT Seniors 50"]
[Site "Rhodes"]
[Date "2019.04.21"]
[Round "6.1"]
[White "Benjamin, Joel"]
[Black "Olafsson, Helgi"]
[Result "1/2-1/2"]
[WhiteElo "2523"]
[BlackElo "2506"]
[PlyCount "107"]
[EventDate "2019.04.16"]
[EventType "team-swiss"]
[EventRounds "9"]
[EventCountry "GRE"]
[SourceTitle "CBM 190 Extra"]
[Source "ChessBase"]
[SourceDate "2019.07.15"]
[SourceVersion "1"]
[SourceVersionDate "2019.07.15"]
[SourceQuality "1"]
[WhiteTeam "United States"]
[BlackTeam "Iceland"]
[WhiteTeamCountry "USA"]
[BlackTeamCountry "ISL"]

1. e4 c6 2. d4 d5 3. e5 Bf5 4. h4 h5 5. Bd3 Bxd3 6. Qxd3 e6 7. Bg5 Qa5+ 8. Nd2 Qa6 9. c4 Ne7 10. Ngf3 Nf5 11. 0-0 Nd7 12. Rfc1 dxc4 13. Nxc4 Nb6 14. b3 Ba3 15. Rc2 Nd5 16. Qe4 Be7 17. Bxe7 Ndxe7 18. Nd6+ Nxd6 19. exd6 Nf5 20. d7+ Kxd7 21. Ne5+ Ke8 22. Nxc6 Qb6 23. Re1 bxc6 24. Rxc6 Qxd4 25. Qxf5 Rh6 26. Qb5 Kf8 27. Qc5+ Qxc5 28. Rxc5 a5 29. a4 Ke7 30. Ree5 Rhh8 31. Rxa5 Rxa5 32. Rxa5 Rb8 33. Rxh5 Rxb3 34. Rb5 Ra3 35. a5 f5 36. g3 Kf6 37. Kg2 g5 38. Rc5 gxh4 39. gxh4 f4 40. h5 e5 41. h6 Kg6 42. Rxe5 Kxh6 43. Rc5 Kg6 44. Rb5 Kf6 45. Rb6+ Kf5 46. a6 Ke5 47. f3 Kd5 48. Kf2 Ra2+ 49. Kf1 Kd4 50. Re6 Kd5 51. Re4 Rxa6 52. Kg2 Rg6+ 53. Kh2 Rh6+ 54. Kg2 1/2-1/2

[Event "WchT Seniors 50"]
[Site "Rhodes"]
[Date "2019.04.19"]
[Round "4.2"]
[White "Olafsson, Helgi"]
[Black "Speelman, Jonathan S"]
[Result "1/2-1/2"]
[WhiteElo "2506"]
[BlackElo "2509"]
[PlyCount "96"]
[EventDate "2019.04.16"]
[EventType "team-swiss"]
[EventRounds "9"]
[EventCountry "GRE"]
[SourceTitle "CBM 190 Extra"]
[Source "ChessBase"]
[SourceDate "2019.07.15"]
[SourceVersion "1"]
[SourceVersionDate "2019.07.15"]
[SourceQuality "1"]
[WhiteTeam "Iceland"]
[BlackTeam "England"]
[WhiteTeamCountry "ISL"]
[BlackTeamCountry "ENG"]

1. d4 e6 2. e4 d5 3. Nc3 Nf6 4. e5 Nfd7 5. f4 c5 6. Nf3 Nc6 7. Be3 a6 8. Qd2 cxd4 9. Nxd4 Bc5 10. Nce2 0-0 11. g3 Ndxe5 12. fxe5 Nxe5 13. Qc3 Bd6 14. Bh3 Bd7 15. b3 Ng6 16. 0-0 e5 17. Bxd7 exd4 18. Bxd4 Qxd7 19. Bxg7 Rac8 20. Qb2 Rfe8 21. Nd4 Bc5 22. Rf2 Re4 23. Kh1 Bxd4 24. Bxd4 Qg4 25. c3 Rce8 26. Qd2 Qh5 27. Raf1 Re2 28. Qd3 Rxf2 29. Rxf2 Re1+ 30. Kg2 Qg4 31. h3 Qe4+ 32. Qxe4 dxe4 33. Rf6 Re2+ 34. Kf1 Rxa2 35. Rb6 f5 36. Rxb7 f4 37. gxf4 Nxf4 38. Rg7+ Kf8 39. Rxh7 Ne2 40. Rh4 Nxd4 41. cxd4 Rb2 42. Rxe4 Rxb3 43. h4 a5 44. Ke2 a4 45. Re5 a3 46. Ra5 Rh3 47. Kd2 Rxh4 48. Rxa3 Rxd4+ 1/2-1/2

[Event "WchT Seniors 50"]
[Site "Rhodes"]
[Date "2019.04.16"]
[Round "1.3"]
[White "Wagner Michel, Annett"]
[Black "Olafsson, Helgi"]
[Result "0-1"]
[WhiteElo "2056"]
[BlackElo "2506"]
[PlyCount "52"]
[EventDate "2019.04.16"]
[EventType "team-swiss"]
[EventRounds "9"]
[EventCountry "GRE"]
[SourceTitle "CBM 190 Extra"]
[Source "ChessBase"]
[SourceDate "2019.07.15"]
[SourceVersion "1"]
[SourceVersionDate "2019.07.15"]
[SourceQuality "1"]
[WhiteTeam "Germany (Women)"]
[BlackTeam "Iceland"]
[WhiteTeamCountry "GER"]
[BlackTeamCountry "ISL"]

1. e4 c5 2. Nf3 e6 3. d4 cxd4 4. Nxd4 a6 5. Nc3 b5 6. Bd3 Qb6 7. Nb3 Qc7 8. 0-0 Nf6 9. Qf3 Bb7 10. g4 h6 11. Bf4 Bd6 12. Bxd6 Qxd6 13. Na5 Bc6 14. Qe2 Qf4 15. f3 h5 16. Rf2 hxg4 17. fxg4 Qg5 18. Raf1 Nxg4 19. Rg2 Qe3+ 20. Kh1 Qxe2 21. Rxe2 Ne5 22. Nd5 exd5 23. Nxc6 dxc6 24. exd5 f6 25. Be4 cxd5 26. Bxd5 Ra7 0-1

[Event "Titled Tuesday intern op 2nd April"]
[Site "Chess.com INT"]
[Date "2019.04.02"]
[Round "9"]
[White "Kavutskiy, Konstantin"]
[Black "Olafsson, Helgi"]
[Result "0-1"]
[WhiteElo "2417"]
[BlackElo "2506"]
[PlyCount "72"]
[EventDate "2019.04.02"]
[EventType "swiss (blitz)"]
[EventRounds "10"]
[EventCountry "USA"]
[SourceTitle "EXT 2021"]
[Source "ChessBase"]
[SourceDate "2020.10.23"]
[SourceVersion "1"]
[SourceVersionDate "2020.10.23"]
[SourceQuality "1"]

1. d4 Nf6 2. c4 g6 3. Nc3 d5 4. cxd5 Nxd5 5. e4 Nxc3 6. bxc3 Bg7 7. Nf3 c5 8. Be3 Qa5 9. Nd2 cxd4 10. Nc4 Qd8 11. cxd4 0-0 12. Rc1 e6 13. Be2 Nc6 14. e5 Ne7 15. 0-0 Nf5 16. Bf3 Rb8 17. Qd2 b6 18. Rfd1 Ba6 19. Be4 Nxe3 20. Qxe3 Bxc4 21. Rxc4 Bxe5 22. Bxg6 Bxh2+ 23. Kxh2 Qh4+ 24. Qh3 Qxh3+ 25. Kxh3 hxg6 26. Rc7 a5 27. d5 Rfd8 28. d6 Kg7 29. f4 b5 30. Ra7 a4 31. a3 Rb6 32. d7 Kf6 33. Rb1 Ke7 34. Rd1 Rd6 35. Rxd6 Kxd6 36. Rb7 Kc6 0-1

[Event "Titled Tuesday intern op 2nd April"]
[Site "Chess.com INT"]
[Date "2019.04.02"]
[Round "6"]
[White "Zivkovic, Ivan B"]
[Black "Olafsson, Helgi"]
[Result "1-0"]
[WhiteElo "2351"]
[BlackElo "2506"]
[PlyCount "85"]
[EventDate "2019.04.02"]
[EventType "swiss (blitz)"]
[EventRounds "10"]
[EventCountry "USA"]
[SourceTitle "EXT 2021"]
[Source "ChessBase"]
[SourceDate "2020.10.23"]
[SourceVersion "1"]
[SourceVersionDate "2020.10.23"]
[SourceQuality "1"]

1. e4 c5 2. Nc3 Nc6 3. f4 g6 4. Nf3 Bg7 5. Bb5 Nd4 6. 0-0 Nxb5 7. Nxb5 Nf6 8. d3 d6 9. Nc3 0-0 10. Qe1 e6 11. Qh4 Nd7 12. Qg3 Qe7 13. f5 Ne5 14. Kh1 Bd7 15. fxg6 fxg6 16. Bg5 Qf7 17. Qh4 Bc6 18. Be7 Bf6 19. Bxf6 Qxf6 20. Qg3 Nxf3 21. Rxf3 Qd4 22. Raf1 c4 23. Qh3 Rxf3 24. Qxf3 cxd3 25. cxd3 Qg7 26. Qg4 Qe7 27. h3 Rf8 28. Rxf8+ Kxf8 29. Qf4+ Kg7 30. Qe3 a6 31. a4 Qf6 32. d4 Qf1+ 33. Kh2 Qf7 34. b4 Bd7 35. b5 axb5 36. axb5 Qf1 37. d5 exd5 38. exd5 Qf6 39. b6 Bf5 40. Nb5 h5 41. Qg3 Be4 42. Nxd6 h4 43. Qa3 1-0

[Event "ISL-chT1 1819"]
[Site "Reykjavik"]
[Date "2019.02.28"]
[Round "6.5"]
[White "Olafsson, Helgi"]
[Black "Ahlander, Bjorn"]
[Result "1/2-1/2"]
[WhiteElo "2511"]
[BlackElo "2422"]
[PlyCount "49"]
[EventDate "2018.11.08"]
[EventType "team-tourn"]
[EventRounds "9"]
[EventCountry "ISL"]
[SourceTitle "CBM 189 Extra"]
[Source "ChessBase"]
[SourceDate "2019.06.03"]
[SourceVersion "1"]
[SourceVersionDate "2019.06.03"]
[SourceQuality "1"]
[WhiteTeam "Skakfelagidj Huginn"]
[BlackTeam "Skakdeild KR"]
[WhiteTeamCountry "ISL"]
[BlackTeamCountry "ISL"]

1. Nf3 d5 2. e3 Nf6 3. c4 e6 4. b3 c5 5. Bb2 Nc6 6. cxd5 exd5 7. Bb5 Bd6 8. 0-0 0-0 9. d4 Bg4 10. dxc5 Bxc5 11. Bxc6 bxc6 12. Nbd2 Rc8 13. Qc2 Be7 14. Ne5 Qd6 15. Nxg4 Nxg4 16. Nf3 Bf6 17. Rac1 Bxb2 18. Qxb2 c5 19. Rc2 Rc7 20. Rd1 Nf6 21. Qe5 Qxe5 22. Nxe5 Rfc8 23. Kf1 Kf8 24. Ke2 Ke7 25. Nd3 1/2-1/2

[Event "ISL-chT1 1819"]
[Site "Reykjavik"]
[Date "2018.11.10"]
[Round "3.2"]
[White "Olafsson, Helgi"]
[Black "Karlsson, Bjorn Ivar"]
[Result "1-0"]
[WhiteElo "2513"]
[BlackElo "2339"]
[PlyCount "73"]
[EventDate "2018.11.08"]
[EventType "team-tourn"]
[EventRounds "9"]
[EventCountry "ISL"]
[SourceTitle "CBM 187 Extra"]
[Source "ChessBase"]
[SourceDate "2018.11.04"]
[SourceVersion "1"]
[SourceVersionDate "2018.11.04"]
[SourceQuality "1"]
[WhiteTeam "Skakfelagidj Huginn"]
[BlackTeam "Skakfelag Akureyrar"]
[WhiteTeamCountry "ISL"]
[BlackTeamCountry "ISL"]

1. d4 d5 2. c4 c6 3. Nc3 Nf6 4. e3 a6 5. Qc2 g6 6. Bd3 Bg7 7. Nf3 0-0 8. 0-0 c5 9. dxc5 Nc6 10. a3 Bg4 11. Nxd5 Nxd5 12. cxd5 Qxd5 13. Be4 Qh5 14. Rb1 Rfd8 15. h3 Be6 16. b4 f5 17. Bd3 Rxd3 18. Qxd3 Rd8 19. Qe2 Ne5 20. Nd4 Qxe2 21. Nxe2 Bc4 22. Nd4 Bxf1 23. Kxf1 Kf7 24. Ke2 Nc4 25. Nc2 e5 26. e4 fxe4 27. Ne3 Rd4 28. b5 a5 29. Nxc4 Rxc4 30. c6 Bf8 31. cxb7 Bd6 32. Bd2 a4 33. Rb4 Rd4 34. Rxd4 exd4 35. g3 e3 36. fxe3 Bxg3 37. Kf3 1-0

[Event "Douglas IoM op"]
[Site "Douglas"]
[Date "2018.10.22"]
[Round "3"]
[White "Olafsson, Helgi"]
[Black "Leko, Peter"]
[Result "1/2-1/2"]
[WhiteElo "2510"]
[BlackElo "2690"]
[PlyCount "55"]
[EventDate "2018.10.20"]
[EventType "swiss"]
[EventRounds "9"]
[EventCountry "ENG"]
[SourceTitle "CBM 187"]
[Source "ChessBase"]
[SourceDate "2018.12.11"]
[SourceVersion "1"]
[SourceVersionDate "2018.12.11"]
[SourceQuality "1"]

1. d4 Nf6 2. c4 e6 3. Nf3 d5 4. g3 Be7 5. Bg2 0-0 6. 0-0 dxc4 7. Qc2 a6 8. Qxc4 b5 9. Qc2 Bb7 10. Bg5 Nbd7 11. Bxf6 Nxf6 12. Nbd2 Rc8 13. Nb3 c5 14. dxc5 Ne4 15. Rfd1 Qc7 16. c6 Qxc6 17. Qxc6 Bxc6 18. Ne5 Bd5 19. Nd7 Rfe8 20. Nb6 Rc2 21. Nxd5 exd5 22. Rxd5 Nf6 23. Re5 Ng4 24. Re4 Nf6 25. Re3 Ng4 26. Re4 Nf6 27. Re3 Ng4 28. Re4 1/2-1/2